UBT Library

Principles of economics / (Record no. 43173)

000 -LEADER
fixed length control field 00581cam a2200217 a 4500
001 - CONTROL NUMBER
control field 1916522
005 - DATE AND TIME OF LATEST TRANSACTION
control field 20180222065244.0
008 - FIXED-LENGTH DATA ELEMENTS--GENERAL INFORMATION
fixed length control field 850415s1986 ohua b 001 0 eng
010 ## - LIBRARY OF CONGRESS CONTROL NUMBER
LC control number 85050939
020 ## - INTERNATIONAL STANDARD BOOK NUMBER
International Standard Book Number 0538086718
040 ## - CATALOGING SOURCE
Original cataloging agency DLC
Transcribing agency DLC
Modifying agency DLC
041 ## - LANGUAGE CODE
Language code of text/sound track or separate title eng
080 ## - UNIVERSAL DECIMAL CLASSIFICATION NUMBER
Universal Decimal Classification number 330 rya
082 00 - DEWEY DECIMAL CLASSIFICATION NUMBER
Classification number 330 rya
Edition number 19
100 1# - Rafti
Rafti 52
101 ## - Shkurtesa
Shkurtesa eco
245 10 - TITLE STATEMENT
Title Principles of economics /
Statement of responsibility, etc Ryan C. Amacher, Holley H. Ulbrich.
504 ## - BIBLIOGRAPHY, ETC. NOTE
Bibliography, etc Includes bibliographical references and index.
906 ## - LOCAL DATA ELEMENT F, LDF (RLIN)
a 7
b cbc
c orignew
d 3
e ocip
f 19
g y-gencatlg
942 ## - ADDED ENTRY ELEMENTS (KOHA)
Source of classification or shelving scheme
Item type Books
Holdings
Withdrawn status Lost status Source of classification or shelving scheme Damaged status Not for loan Collection code Permanent location Current location Shelving location Date acquired Total Checkouts Full call number Barcode Date last seen Price effective from Koha item type
          Koleksioni i përgjithshem UBT - Lipjan UBT - Lipjan Koleksioni i përgjithshem 02/22/2018   330 rya 002-2999667 02/22/2018 02/22/2018 Books
UBT Library © 2015-2024. All rights reserved University Education for Business and Technology